Teória a politika zamestnanosti

Uložené v:
Podrobná bibliografia
Hlavný autor: Kováčová, Emília
Korporativný autor: Ekonomická univerzita v Bratislave. Národohospodárska fakulta
Médium: Kniha
Jazyk:Slovak
Vydavateľské údaje: Bratislava Ekonóm 1995
Vydanie:1. vyd.
Predmet:
Tagy: Pridať tag
Žiadne tagy, Buďte prvý, kto otaguje tento záznam!

MARC

LEADER 00000nam a2200000 4500
001 c011989
005 20221214072144.3
020 |a 80-225-0700-8 
041 0 |a slo 
044 |a SK 
245 1 0 |a Teória a politika zamestnanosti  |c Emília Kováčová a kol. 
250 |a 1. vyd. 
264 1 |a Bratislava  |b Ekonóm  |c 1995 
300 |a 269 s. 
610 2 0 |a zamestnanosť 
610 2 0 |a politika zamestnanosti 
610 2 0 |a trh práce 
610 2 0 |a nezamestnanosť 
610 2 0 |a ponuka práce 
610 2 0 |a tripartita 
610 2 0 |a kvalifikácia 
610 2 0 |a produktivita práce 
610 2 0 |a úroveň životná 
100 1 |a Kováčová, Emília 
710 2 |a Ekonomická univerzita v Bratislave. Národohospodárska fakulta